Statistiques concernant Connaissez-vous vraiment Fight Club ?

Cliquez ici pour prendre le quiz!

Statistiques générales

  • Ce quiz a été pris 357 fois
  • Le résultat moyen est 11 sur 18

Statistiques - réponses

HintRéponse% Correct
"La première règle du _____ est : il est interdit de parler du _____."Fight Club
95%
Qui interprète le rôle de Tyler Durden ?Brad Pitt
91%
Durant quelle décennie est sorti le film ?les années 90 (1999)
91%
Où le narrateur rencontre-t-il Tyler ?Dans un avion
89%
Je fabrique et je vends du _____, l'objet qui indique le degré de civilisation.savon
88%
Au début du film, de quoi souffre le narrateur ?D'insomnies chroniques
72%
Le narrateur rencontre Marla dans le cadre d'une thérapie de groupe pour le victime de quel cancer ?des testicules
64%
Qui est le réalisateur de Fight Club ?David Fincher
62%
A la fin du film, nous découvrons que le narrateur souffre de quoi ?
Schizophrénie
62%
Quel groupe interprète la chanson finale du film ?Pixies
60%
Selon Tyler, de quoi sont faits les savons ?De graisse
59%
"Avec le canon d’un flingue entre les dents, on ne prononce que les _____."voyelles
58%
Qui interprète le rôle du narrateur ?Edward Norton
56%
"Sur une durée suffisamment longue, l’espérance de vie tombe pour tout le monde à _____."zéro
53%
Quel est le nom du projet de Tyler qui amène les membres du Fight Club à se transformer en une sorte de milice ?Le projet chaos
40%
Qui interprète le rôle Marla Singer ?Helena Bonham Carter
36%
"Je me suis laissé aller, dans un total oubli de moi même envahi par la nuit le silence et la plénitude. J’avais trouvé la _____... perdre tout espoir, c’était cela la _____."liberté
11%
"J’avais envie de loger une balle entre les deux yeux de tous les _____ qui n’était pas foutu de baiser pour sauver leur espèce."pandas
11%

Distribution des résultats

Percentile par nombre de réponses

% des personnes avec chaque résultat

Votre développement - résultats

Vous n’avez pas pris ce quiz